Glee - Statistics

General Stats
  • This quiz has been taken 314 times
  • The average score is 5 of 13
Answer Stats
Hint Answer % Correct
What episode number of every season features a singing mash-up battle? 6
68%
Harry Shum Jr. is nearly how many years older than his character, Mike Chang? 10
63%
Lea Michele is how many years older than her character? 8
62%
What role did Chris Colfer initially try out for? Artie
62%
What happened to Lea Michele on the day of her audition? Car accident
54%
Instead of singing, what did Cory Monteith do in his first audition video? produced beats on makeshift drums
39%
What song did Lea Michele sing for her audition? On My Own
35%
Who was the only actor to have been in every episode of seasons 1-4? Kevin McHale
32%
What role was not cast until the night before filming? Quinn Fabray
24%
While filming, they often times had to ask Kevin McHale to stop doing what? Tapping his foot
10%
How many years older is Matthew Morrison than Cory Monteith/Mark Salling/Harry Shum Jr.? 4 years
9%
How many songs were used in the first 13 episodes? 70
7%
What was Quinn Fabray's character initially going to be called? Liz
7%
No matching quizzes found
Score Distribution
Percent of People with Each Score
Percentile by Number Answered
Your Score History
You have not taken this quiz